Name That Country By Ruler - Statistics

General Stats
  • This quiz has been taken 56 times
  • The average score is 4 of 10
Answer Stats
Ruler Country % Correct
Joe Biden United States of America
98%
Micheal D. Higgins Ireland
61%
Sheikh Mohammed bin Rashed Al Maktoum United Arab Emirates
61%
Juan Manuel Santos Calderón Colombia
47%
Kersti Kaljulaid Estonia
31%
Otto Fernando Pérez Molina Guatemala
29%
Aliyev Azerbaijan
27%
Adama Barrow Gambia
12%
Jioji Konrote Fiji
10%
Faure Essozimna Gnassingbé Togo
10%
No matching quizzes found
Score Distribution
Percent of People with Each Score
Percentile by Number Answered
Your Score History
You have not taken this quiz